[Event "Bar"]
[Site "Bar"]
[Date "1997.11.23"]
[Round "5"]
[White "Sokolov, Andrei"]
[Black "Skembris, Spyridon"]
[Result "1/2-1/2"]
[WhiteElo "2585"]
[BlackElo "2470"]
[Annotator "Mikhalevski,V"]
[PlyCount "40"]
[EventDate "1997.11.19"]
[EventType "tourn"]
[EventRounds "10"]
[EventCountry "YUG"]
[EventCategory "12"]
[SourceTitle "CBM 063"]
[Source "ChessBase"]
[SourceDate "1998.03.26"]
[SourceVersion "1"]
[SourceVersionDate "1998.03.26"]
[SourceQuality "1"]

1. e4 e5 2. Nf3 Nc6 3. Bb5 a6 4. Ba4 Nf6 5. O-O Nxe4 6. d4 b5 7. Bb3 d5 8. dxe5
Be6 9. c3 Bc5 10. Qd3 O-O 11. Nbd2 f5 12. exf6 Nxf6 13. a4 (13. Ng5) 13... Rb8
(13... b4 14. Ng5 Ne5 (14... Qd6 15. Nde4 Nxe4 16. Nxe4 Ne5 17. Qd1 dxe4 18.
Qxd6 Bxd6 19. Bxe6+ Kh8 20. Bd5 Rab8 21. Bxe4 bxc3 22. bxc3 Rb3 23. a5 Rxc3 24.
Bd2 Rb3 25. Rfb1 Rfb8 26. Be1 Rxb1 27. Rxb1 Rxb1 28. Bxb1 c5 29. Kf1 Bc7 30.
Be4 Nc4 31. Bd5 Nxa5 32. h4 c4 33. Bc3 Nb3 34. Bxc4 Be5 35. Be1 Nc5 36. h5 Ne4
37. Bd5 Nf6 38. Bf7 Ne4 39. f3 Nd6 40. Be6 h6 41. g4 Kh7 42. Bb3 g5 43. Ke2 Kg7
44. Kd3 Kf6 45. Bb4 Kg7 46. Ba5 Kf6 47. Bd8+ Kg7 48. Bd5 Ne8 49. Bb6 Nf6 50.
Be6 Ba1 51. Kc4 Be5 52. Bc8 Ba1 53. Bxa6 Be5 54. Bc8 Ba1 55. Bf5 Be5 56. Bc5
Ba1 57. Bb4 Be5 58. Kc5 Ba1 59. Kd6 Bb2 60. Ke6 Bd4 61. Bd6 Bc3 62. Be5 Bxe5
63. Kxe5 Ng8 64. Ke6 Nf6 65. Bg6 Ng8 66. Be4 {1/2-1/2 Mortensen,E-Nielsen,P/
Copenhagen BSF 1995}) 15. Qg3 Qd6 16. cxb4 (16. Bc2 h6 17. Nb3 Nh5 18. Qh4 Bg4
19. Nxc5 Qxc5 20. Ne6 Bxe6 21. Qxh5 Ng4 22. Be3 Nxe3 23. fxe3 Qxe3+ 24. Kh1
Rxf1+ 25. Rxf1 Rf8 26. Rg1 Qc5 27. Qe5 Rf6 28. h3 c6 29. Bd3 a5 30. Re1 Qf8 31.
Qc7 Bf5 32. Bxf5 Rxf5 33. Qxa5 Rf1+ 34. Rxf1 Qxf1+ 35. Kh2 Qf4+ 36. Kh1 Qc1+
37. Kh2 {1/2-1/2 Felsberger,A-Foessmeier,U/AUT BL 1989}) 16... Bxb4 17. Re1
Nfg4 18. Rxe5 Nxe5 19. Nde4 $18 dxe4 20. Nxe6 Ng6 21. Nxc7+ Kh8 22. Qxd6 Bxd6
23. Nxa8 Rxa8 24. Bd5 Re8 25. Be3 a5 26. Rd1 Ne5 27. h3 Bb4 28. Bxe4 Nc4 29.
Bc1 g6 30. Bd5 Nb6 31. Bf7 {1-0 Ivanchuk,V-Piket,J/Monaco Amber blind 1994}) (
13... Bf7 14. Ng5 Ne5 15. Qg3 Qd6 16. Nxf7 (16. Bc2 h6 (16... Bg6 $1 17. Bxg6
Nxg6 $11) 17. Nxf7 Nxf7 18. Nb3 Qxg3 19. hxg3 Bb6 20. Nd4 c5 21. Nf5 Rfe8 22.
axb5 axb5 23. Ne7+ Kf8 24. Ng6+ Kg8 25. Rxa8 Rxa8 26. Be3 d4 27. cxd4 c4 28. b3
Nd6 29. bxc4 Nxc4 30. Rb1 Na3 31. Ra1 b4 32. Bb3+ Kh7 33. Ne7 Re8 34. Nc6 Nb5
35. Bc4 Nc3 36. Nxb4 Ng4 37. Bd3+ Kg8 38. Rc1 Nxe3 39. fxe3 Rxe3 40. Rxc3 Re1+
41. Kh2 {1-0 Sokolov,A-Jussupow,A/Riga csf 1986}) 16... Nxf7 17. Nf3 Qxg3 18.
hxg3 c6 19. Nd4 Bxd4 20. cxd4 $14 Ne4 21. g4 Rfe8 22. Kh2 Nfd6 23. f3 Nf6 24.
Bc2 bxa4 25. Rxa4 Nb5 26. Bf4 Nd7 27. Rfa1 Nb6 28. Rxa6 Nxd4 29. Bd3 Rxa6 30.
Rxa6 Nc4 31. b4 g6 32. Ra7 Ne5 33. Ba6 g5 34. Bc1 Rb8 35. Re7 Nf7 36. Bd2 Kf8
37. Ra7 Nc2 38. b5 {Sokolov,A-Jussupow,A/Tilburg 1987/1/2-1/2 (64)}) 14. axb5
axb5 15. Ng5 (15. Ra6 Bb6 (15... Qd7 $6 16. Ng5 Bf5 $2 (16... Ne5 $1 17. Qe2
Bd6 18. Nde4 (18. Nxe6 Qxe6 19. Kh1 $14) (18. f4 Bg4) 18... Nxe4 19. Nxe6 Nxc3
20. bxc3 Qxe6 21. Qe4 dxe4 22. Bxe6+ Kh8 23. Be3 b4 24. cxb4 Rxb4 25. Bd2 Rb5
26. Ra4 Nd3 27. Rxe4 Nxf2 28. Re2 Nd3 29. Rxf8+ Bxf8 30. g3 Ne5 31. Bc3 Bd6 32.
Ra2 g6 33. g4 h6 34. h4 Kh7 35. Kg2 Nd3 36. Kf3 Be5 37. Bc4 Rc5 38. Bxd3 Rxc3
39. Ke4 Bf6 40. h5 gxh5 41. gxh5 {Molnar,B-Sandor,C/Budapest FS05 IM 1996/1/
2-1/2 (53)}) 17. Nde4 $1 Bb6 18. Nxf6+ Rxf6 19. Qxd5+ $16 Qxd5 20. Bxd5+ Kf8
21. Ne4 Rg6 22. Be3 Rd8 23. Bxc6 Rxc6 24. Ng3 Bg6 25. h4 Rcd6 26. Bxb6 cxb6 27.
Rfa1 Rd1+ 28. Rxd1 Rxd1+ 29. Kh2 Rd2 30. Rxb6 Rxb2 31. f3 Rc2 32. Rxb5 Rxc3 33.
Ne2 Rc4 34. Rb8+ Ke7 35. Kg3 Bf7 36. Nf4 Rc5 37. Rb6 Ra5 38. Ne2 Ra4 39. Nc3
Ra5 40. Ne4 {Ivanchuk,V-Kamsky,G/Monaco rapid 1995/1/2-1/2 (90)}) (15... Qd6)
16. Ng5 Qd6 $5 (16... Bc8 $2 {van der Wiel,J} 17. Nde4 $1 $40) (16... Ne5 $6 {
van der Wiel,J} 17. Qg3 Qd6 18. Rxb6 $1 (18. Nxe6 $2 Qxe6 19. Rxb6 cxb6 $1 20.
Re1 Rbe8 21. f4 Nh5) 18... Rxb6 (18... cxb6 19. Re1 $18) 19. Nxe6 $1 Qxe6 20.
Re1 $16) (16... Bf7 {van der Wiel,J} 17. Nxf7 Rxf7 $14 {^^}) 17. Nxe6 (17. Nde4
$2 {van der Wiel,J} Nxe4 18. Nxe4 (18. Nxe6 Nxf2 19. Rxf2 Bxf2+ 20. Kh1 Nb4 $1
21. cxb4 Qxa6 $19) 18... Ne5 $1 $17) 17... Qxe6 18. Ne4 $1 Kh8 $1 (18... Ne7 {
van der Wiel,J} 19. Nxf6+ Qxf6 20. Be3 $16) 19. Nxf6 Qxf6 20. Bc2 (20. Qxd5 $6
{van der Wiel,J} Nb4 $1 21. Rxb6 $8 Nxd5 22. Rxf6 Nxf6 $17) (20. Be3 {van der
Wiel,J} d4 $15) (20. Kh1 $5 {van der Wiel,J} Ne5 (20... d4) 21. Qxd5 Ng4 22. f3
Nxh2 $1 23. Bg5 Nxf1 24. Bxf6 Rxf6 25. Rxb6 Rfxb6 $13) 20... Qh4 $1 (20... g6 {
van der Wiel,J} 21. Qxd5 Nb4 22. cxb4 Bxf2+ 23. Kh1 Qxa6 24. Bd2 Bh4 25. Bc3+
Bf6 (25... Rf6 26. Qf7) 26. Qe5 $3 Bxe5 (26... Kg7 27. Qxc7+) 27. Bxe5+ Kg8 28.
Bb3+ Rf7 29. Rxf7 $16) 21. g3 (21. Bg5 $6 {van der Wiel,J} Qh5 22. Qxd5 (22. h3
Ne5 23. Qg3 Qe2 $1 $17 24. Bd1 $140 Bxf2+) 22... Rbd8 $1 $44) (21. Qg3 {
van der Wiel,J} Qxg3 22. hxg3 Ne5 $36) 21... Qh3 22. Qxd5 $6 (22. Bf4 $1 $13 {
van der Wiel,J}) (22. Bf4 $1 $13 {van der Wiel,J}) 22... Ne5 $1 $40 (22... Rxf2
$2 {van der Wiel,J} 23. Rxf2 Bxf2+ 24. Kxf2 Qxh2+ 25. Qg2 Rf8+ 26. Bf4 $18) (
22... Qxf1+ $2 {van der Wiel,J} 23. Kxf1 Rxf2+ 24. Ke1 Rxc2 (24... Re8+ 25. Be4
$18) 25. Kd1 $18) 23. Bf4 (23. Rxb6 {van der Wiel,J} Ng4 $8 24. Rh6 $5 (24. Qg2
Qxg2+ 25. Kxg2 Rxb6 26. Bf4 Rbf6 27. h3 g5 28. hxg4 gxf4 29. Bf5 $15)) 23...
Rxf4 24. Rxb6 (24. Qxe5 $2 {van der Wiel,J} Bxf2+ $1 {ץc2}) 24... cxb6 (24...
Rbf8 {van der Wiel,J} 25. Qxe5 cxb6 26. gxf4 Qg4+ $10) 25. Qxe5 Rff8 (25...
Rbf8 $10 {van der Wiel,J}) 26. Qxb5 Rf6 27. Qe2 Rbf8 28. Be4 Rh6 29. f3 Rd6 30.
c4 Qe6 31. Re1 Qe5 (31... Re8 {van der Wiel,J}) 32. Bd5 Qd4+ 33. Qf2 Qf6 34.
Qe2 h6 (34... Qd4+ $13 {van der Wiel,J}) 35. Qe5 Qxe5 36. Rxe5 {R 9/o} Rc8 (
36... g5 $5 {van der Wiel,J}) 37. Kf2 Kh7 38. h4 Kg6 39. g4 Rc7 {van der Wiel,J
} 40. f4 (40. h5+ {van der Wiel,J} Kf6 41. Rf5+ Ke7 42. Rf7+ Kd8 43. Rf8+ Ke7
44. Rg8 Kf6 $14) (40. Rf5 $5 {van der Wiel,J} Rf6 41. h5+ Kh7 42. Re5 g5 $1 43.
hxg6+ Kxg6 44. Kg3 $14) 40... Kf6 {/\ g6} 41. Rf5+ (41. g5+ $5 {van der Wiel,J}
hxg5 42. hxg5+ Kg6 43. Kg3 $40 Kh5 $5 (43... Kh7 44. f5 $16) 44. Re2 {/\ Be4})
41... Ke7 42. Rf7+ Kd8 43. Rf8+ Ke7 44. Rg8 g6 $5 (44... Kf6 {van der Wiel,J}
45. Kf3 $16 {/\ g5}) 45. Rh8 b5 $1 46. b3 (46. Rxh6 $6 {van der Wiel,J} bxc4
47. Rh7+ Kd8 48. Rxc7 Kxc7 49. Bxc4 Rd4 50. b3 Rxf4+ $14) 46... g5 $5 (46...
Kf6 $2 {van der Wiel,J} 47. Rxh6 Kg7 48. g5 $18) (46... bxc4 $1 {van der Wiel,J
} 47. bxc4 g5) 47. hxg5 hxg5 48. fxg5 bxc4 49. bxc4 $2 (49. Rh7+ $1 {van der
Wiel,J} Kd8 50. Rxc7 Kxc7 51. bxc4 $1 Kd7 (51... Rg6 $6 52. Ke3 Rxg5 53. Kf4
Rg7 54. g5 Kd6 55. Kf5 $18) 52. Ke3 Ke7 53. Ke4 $16) 49... Rc5 $1 $8 {/\ Rcd5}
50. Rh7+ Kf8 (50... Ke8 $2 {van der Wiel,J} 51. Bf7+ Kf8 52. g6) 51. Rf7+ Kg8
$1 {/\ 52.Rd7 Rcd5!} 52. Rf5+ Kg7 53. Ke3 Rc7 54. Re5 Ra6 55. Re8 Ra1 56. Rg8+
Kh7 57. g6+ $6 $138 (57. Kf4 $1 {van der Wiel,J} Rg1 (57... Rd7 $4 58. g6+ Kh6
59. g5+ Kh5 60. Bf3+ Kh4 61. Rh8+ {#}) 58. Kf5 $1 Rf1+ 59. Ke5 Re1+ $5 (59...
Rg1 60. g6+ Kh6 61. Kd6 $16) 60. Kd6 Ree7 61. g6+ Kh6 62. Be6 $16 Rxe6+ $140
63. Kxc7) 57... Kh6 58. Bf7 Rg1 59. Kf4 $2 (59. Rh8+ {van der Wiel,J} Kg7 60.
Rh7+ Kf6 61. Bd5 $1 $14 (61. g7 $2 Kxf7 62. g8=Q+ Kxg8 63. Rxc7 Rxg4 64. Kd3
Kf8 65. Rd7 Ke8 66. Rd5 Rg7 $1 $10)) 59... Rxc4+ $1 60. Bxc4 Rxg4+ 61. Kxg4 {
1/2-1/2 van der Wiel,J-Mikhalevski,V/Leeuwarden 1995} (61. Kf5 {van der Wiel,J}
Rxc4 $10)) (15. Bc2 Bf7 16. Nb3 Bd6 (16... Bb6 17. Nbd4 Nxd4 18. Nxd4 Bg6 19.
Qd1 Bxc2 20. Qxc2 Qd7 21. b4 Bxd4 22. cxd4 Rb6 23. Bf4 Rc6 24. Qd3 Rc4 25. Ra7
Ne4 26. Be5 Nxf2 27. Qb1 Ne4 28. Rxf8+ Kxf8 29. Qf1+ Qf7 30. Rxc7 Rxc7 31. Bxc7
Kg8 32. Qxf7+ Kxf7 33. Kf1 Ke6 34. Ke2 Kf5 35. Ke3 g5 36. h3 g4 37. hxg4+ Kxg4
38. Bb8 Ng3 39. Be5 Nf5+ {Garcia,G-Toth,C/Latin Cup Final 1991/0-1 (59)}) 17.
Nbd4 Nxd4 18. Qxd4 c5 19. Qh4 Ne4 20. Bg5 $11 {Puc-Milic,Yugoslavia1946}) 15...
Qd6 (15... Ne5 16. Qg3 Qd6 17. Bc2 ({Wedberg} 17. Ndf3 {N} Nxf3+ 18. gxf3 Bf5
19. Qxd6 (19. Bf4 Qd7 20. Bxc7 Rbc8 21. Be5 h6 22. Ne4 Bxe4 23. Bxf6 Rxf6 24.
fxe4 Rcf8 $40) 19... Bxd6 20. Ne4 b4 (20... Bxe4 21. fxe4 c6 22. Bg5 $14) 21.
Nxf6+ Rxf6 22. Bxd5+ Be6 23. Bxe6+ Rxe6 $10 24. Be3 bxc3 25. bxc3 Rf8 $132 26.
Ra4 Rxf3 27. Kg2 Rf5 28. h3 h5 29. Rd1 $2 Rg6+ 30. Kf1 Rg3 $17 31. Ke2 Rxh3 32.
Re4 Bc5 $2 33. Rd7 $132 Bxe3 34. fxe3 Rh2+ 35. Kd3 h4 36. Rxc7 h3 37. Rh4 Rh1
38. Ke4 Rf2 39. Rg4 $10 Rf7 40. Rc8+ Rf8 41. Rc7 Rf7 42. Rc8+ Rf8 43. Rc7 {
1/2-1/2 Mortensen,E-Ernst,T/Reykjavik zt 1995}) 17... Bd7 (17... Bg4 18. Nb3
Nh5 19. Bxh7+ Kh8 20. Qh4 Bb6 21. Nd4 g6 22. h3 Bd7 23. Nde6 Bxe6 24. Bxg6 Nxg6
25. Qxh5+ Kg7 26. Qh7+ Kf6 27. Nf3 Nf4 28. Qh4+ Kg7 29. Qg5+ Kh8 30. Qh6+ Kg8
31. Qg5+ Kh7 32. Qh5+ Kg8 33. Qg5+ Kh7 34. Qh4+ Kg7 35. Re1 Rbe8 36. Re5 Nxh3+
37. gxh3 Rf6 38. Bf4 Qc6 39. Rh5 Bf5 40. Be5 Bg6 41. Qg3 Kf8 42. Rh8+ {Stolz,
M-Comp Mephisto Vancouver/Muenster op 1991/1-0 (66)}) 18. Nb3 Bb6 19. Bf4 Rbe8
20. Nd4 Nh5 $1 21. Bxe5 Rxe5 22. Bxh7+ Kh8 23. Qh4 g6 (23... Qh6 $6 24. Ndf3
Ree8 25. Rfe1 Rxe1+ 26. Rxe1 Nf6 27. Bc2 $16 (27. Bd3 {Sokolov,A >=} Kg8 28.
Qxh6 gxh6 29. Ne6 $16) 27... Kg8 28. Re7 $2 (28. Qxh6 {Sokolov,A} gxh6 29. Ne6
$16) 28... Qxh4 29. Nxh4 Bc5 30. Re2 Bg4 31. Nhf3 Ra8 32. h3 Bxf3 33. Nxf3 Ra1+
34. Kh2 b4 35. Ng5 bxc3 36. bxc3 Ra3 37. Bg6 Rxc3 38. Rb2 Bd6+ 39. g3 Kf8 40.
Ne6+ Ke7 41. Nxg7 Nd7 42. Bb1 Be5 43. Nf5+ Kf7 44. f4 Bf6 45. Rd2 c6 46. g4 Rc1
47. Bc2 Bd8 48. Kg2 Bc7 49. Nd4 Nf6 50. f5 c5 51. Ne6 Ba5 52. Re2 c4 53. g5 Nh5
54. Kf3 Rg1 55. Rg2 Rxg2 56. Kxg2 Bc3 57. Bd1 Ng7 58. Nxg7 Kxg7 59. Be2 Be5 60.
Kf3 Kf7 61. h4 Ke7 {1-0 Sokolov,A-Timman,J/Belfort WCup 1988}) 24. f4 (24. Rfe1
{Timman,J} Rxe1+ 25. Rxe1 Rf4 $19) (24. Ra8 {Timman,J} Rxa8 25. Nf7+ Kxh7 26.
Nxd6 cxd6 27. g4 Bd8 $17) 24... Rxg5 (24... Ref5 $5) 25. Qxg5 Kxh7 26. Rae1 $2
(26. f5 $1 {Timman,J} Rxf5 27. Rxf5 Bxf5 28. g4 Qe5 29. gxf5 Bxd4+ 30. cxd4
Qxd4+ 31. Kh1 Qe4+ $10) 26... Ng7 $1 $17 27. Kh1 Bxd4 28. cxd4 Bf5 29. Re7 Kg8
30. Qh4 Be4 31. h3 Qd8 {/\ Rf7} 32. f5 Bxf5 33. Rc1 Be4 34. Kg1 (34. Rcxc7 {
Timman,J} Rf1+ 35. Kh2 Qd6+ 36. Qg3 Qxg3+ 37. Kxg3 Nf5+) 34... Rf7 35. Rxe4 g5
36. Qg4 dxe4 37. Qxe4 Rf4 38. Qe5 Qxd4+ 39. Qxd4 Rxd4 40. Rxc7 Rb4 41. Kf2
Rxb2+ 42. Kf3 Rb4 43. Rb7 Kh7 44. g4 Kg6 45. Rb6+ Kf7 46. Rh6 Ne8 47. Ke3 Nf6
48. Rh8 Kg7 {0-1 Sokolov,A-Timman,J/Reykjavik WCup 1988}) 16. Bc2 g6 17. Nxe6 (
17. b4 Bb6 18. Nxe6 Ng4 (18... Qxe6) 19. Qg3 Qxe6 20. Nf3 Rbe8 21. Bd2 Nge5 (
21... Nce5 22. Nd4 $14) 22. Nxe5 Nxe5 23. Be3 (23. Rae1 Qg4 $11) 23... Bxe3 24.
Qxe3 Qg4 25. h3 Qc4 26. Qg3 (26. Qd2 $6 Rf3 27. Ra3 Rxh3 28. Re1 (28. Rfa1)
28... Rh4 29. Bb3 Qf4 30. Bxd5+ Kg7 $40 31. Qxf4 $4 Nf3+) 26... d4 27. Ra3 Kh8
28. cxd4 Qxd4 29. Re3 $14) 17... Ng4 18. Qg3 Qxe6 19. Nf3 Rbe8 20. Bd2 Bd6 $132
{21Qh3Rf3~~} 1/2-1/2

[Event "Corus"]
[Site "Wijk aan Zee"]
[Date "2000.01.23"]
[Round "7"]
[White "Leko, Peter"]
[Black "Piket, Jeroen"]
[Result "1/2-1/2"]
[WhiteElo "2725"]
[BlackElo "2633"]
[Annotator "Mikhalevski,V"]
[PlyCount "91"]
[EventDate "2000.01.15"]
[EventType "tourn"]
[EventRounds "13"]
[EventCountry "NED"]
[EventCategory "18"]
[SourceTitle "CBM 075"]
[Source "ChessBase"]
[SourceDate "2000.04.05"]
[SourceVersion "1"]
[SourceVersionDate "2000.04.05"]
[SourceQuality "1"]

1. e4 e5 2. Nf3 Nc6 3. Bb5 a6 4. Ba4 Nf6 5. O-O Nxe4 6. d4 b5 7. Bb3 d5 8. dxe5
Be6 9. Nbd2 Nc5 10. c3 Be7 11. Bc2 Bg4 {The course of the game Leko-Khalifman,
Match(6) Budapest 2000 couldn't satisfy Piket and 11...d4 is set aside for a
while.} 12. Re1 Qd7 (12... O-O $5) 13. Nb3 Ne6 14. h3 Bh5 15. Bf5 Bg6 (15...
Ncd8 16. Be3 {is another line occuried in a great number of games.}) 16. Bg4 ({
Two additional options are:} 16. g4 O-O (16... Ncd8 17. Be3 a5 (17... O-O 18.
Qe2 Nb7 19. Rad1 c5 20. Nbd2 c4 21. Ne4 Qc6 22. Ng3 $14 {1-0 Renet,
O-Kharitonov,A/Royan 1988/CBM 09 (43)}) 18. Qe2 a4 19. Nbd4 Rb8 20. Nxe6 Nxe6
21. Nd4 c5 22. Nc2 O-O 23. Rad1 Rfd8 24. Rd2 Bxf5 25. gxf5 Ng5 26. Qg4 h5 $1
27. Qxh5 Qxf5 28. Kg2 Rb6 $40 {[%cal Gb6g6] 0-1 Zielinski,M-Haba,P/Cappelle
1989/TD (32)}) 17. Be3 Rad8 18. Qe2 a5 19. Rad1 Rfe8 20. Kg2 a4 21. Nc1 Na5 22.
Nd3 Nc4 23. b3 Nxe3+ 24. Qxe3 axb3 25. axb3 c5 $13 {1/2-1/2 Bologan,
V-Kotronias,V/Debrecen 1992/EU-chT (34)}) ({and} 16. Nfd4 $5 {Seems the most
dangerous for Black.} O-O (16... Ncxd4 17. Nxd4 Bxf5 18. Nxf5 Rd8 (18... Bf8
19. f4 g6 20. Ne3 c6 21. f5 $36 {1-0 Bashkov,V-Kreuzer,M/Budapest 1992/CBM 30
ext (36)}) (18... Bc5 19. Be3 Bxe3 20. Rxe3 g6 21. Nh6 Rf8 22. Ng4 O-O-O 23.
Nf6 Qc6 24. Rd3 Kb7 25. Qd2 h5 26. Rd1 $16 {1-0 Zapata,A-Pereira,S/Buenos
Aires 1998/CBM 67 ext (50)}) 19. Qg4 g6 20. Nxe7 h5 21. Nxd5 Qxd5 22. Qe2 O-O
23. a4 Rfe8 24. axb5 axb5 25. Ra5 c6 26. Ra7 $16 {1-0 Popadic,D-Sljukic,M/
JUG-chT2 1994/EXT 97 (38)}) 17. Bg4 Ncxd4 18. cxd4 a5 19. f4 h5 20. Bxh5 Bxh5
21. Qxh5 a4 22. Nc5 Nxc5 23. dxc5 Bxc5+ 24. Be3 Bxe3+ 25. Rxe3 f5 26. e6 Qe7
27. Rae1 Rad8 28. g4 $16 {1-0 Nunn,J-Tal,M/Naestved 1985/MCL (39)}) 16... h5 $5
$146 {An improvent on 16...Ncd8.Black decides the problem of a pin by means of
a simple exchanging of the annoying bishop.As shows the game the temporary
weakness of the c5 and g5 squares is not very essential.} (16... Ncd8 17. Nfd4
h5 18. Bf3 Nb7 19. Nc2 c6 20. Be3 a5 21. a4 bxa4 22. Rxa4 c5 23. Ra1 Nc7 24.
Bf4 c4 25. Nc1 Rd8 26. Ne3 Qb5 27. Qa4 Qxa4 28. Rxa4 O-O 29. e6 Nxe6 30. Nxd5
Bd6 31. Bxd6 Nxd6 32. Ne7+ Kh7 33. Rxa5 $16 {1/2-1/2 Shtyrenkov,V-Kharitonov,A/
Kursk 1987/EXT 97 (56)}) 17. Bxe6 fxe6 18. Be3 {[%csl Rc5][%cal Gb3c5] This
move carries the same idea as below-mentioned 18.Bg5,but Leko realizes it in a
bit different way.} (18. Bg5 $5 {was a possible alternative.The idea behind
the move is very simple.White exchanges Black's black-squared bishop in order
to get control under weak black squares c5 and g5.}) 18... O-O 19. Nc5 Bxc5 20.
Bxc5 Rf4 {The rook should stay on the f-file and it's not difficult to
discover that f4 is the only available square on it.} (20... Rf5 $4 21. Nh4 $18
{[%csl Rf5,Rg6]}) (20... Rf7 $2 21. Nh4 $16 {[%csl Rh5] winning a pawn}) 21.
Nd4 ({Or} 21. Qd2 Re4) 21... Re4 {Attaking the e5-pawn Black is calling out a
serial of exchanges.} 22. Nxc6 (22. Rxe4 {looks more precise in order to
exclude 23...B:e4,but maybe it was a provocation?!}) 22... Qxc6 23. Rxe4 dxe4
$5 (23... Bxe4 {was possible,but Piket probably was worried of his king side.
Anyway he decided to defend actively and frees the d5-square for his queen.})
24. Qd4 Re8 $1 {[%mdl 32] Very important preparatory move.Black is stoping the
e-pawn which could become a serious danger after inaccurate 24...Qd5?!} (24...
Qd5 $6 25. Qxd5 exd5 26. e6 Re8 27. e7 $16 {with the serious chances to win
bringing the king to the centre and opening the f-file by means of f3 putting
first the rook on f1.}) 25. Rd1 Qd5 $1 {After this excange White is still a
little bit better,but his chances to win are not considerable.} 26. Qxd5 ({Or} 
26. b3 Rd8 {and I don't see how White can strengthen his position as Re1 will
be answered with Qa8} (26... e3 $5 {is also interesting.Opening the bishop
Black gets sufficient compensation for a pawn.})) 26... exd5 27. Rxd5 Bf7 28.
e6 (28. Rd7 Rxe5 29. Bd4 Rg5 30. Rxc7 Bxa2 $14 {with good chances to keep the
position,but I suppose it anyway was one of the last White's chances to fight
for a win.}) 28... Rxe6 ({In case of} 28... Bxe6 29. Rxh5 {White would get
certain play attacking a weakness on g7 with the aid of Rg5 and Bd4.}) 29. b3 (
29. Rd8+ $142 Re8 30. Rd7 $14 {was a better option,but Peter probably missed a
strong Black's reaction.} Bxa2 31. Rxc7 Bf7 $14 {[%cal Ge8e6]}) 29... e3 $1 {
[%csl Rd5][%mdl 64] Nice tactical blow.Sacrificing a pawn Piket forces White
to exchange the rooks that secures him an easy draw at the endgame with
bishops of opposite colour.} 30. Rd8+ (30. fxe3 Rxe3 31. Rd8+ $140 Re8 $11)
30... Re8 31. Rxe8+ Bxe8 32. Bxe3 Bg6 {[%cal Gg6b1] It's useful to attack
White's pawns from behind forcing a blockade position on the queen side.} 33.
Kh2 Bb1 34. a3 Kf7 35. Kg3 Ke6 36. Kh4 g6 37. Kg5 c6 38. g4 hxg4 39. hxg4 Bc2
40. f4 Bb1 41. b4 Bd3 42. Kh6 Kf7 {Most precise way.Black takes under control
the g6-square predicting a following break through.} 43. f5 gxf5 44. g5 f4 $1 {
Certainly Black shouldn't be greedy as giving up a pawn he stops the only
White's pass pawn.} 45. Bxf4 Bg6 46. Be5 {White has no a single chance as his
king can't pass through the d4 or e5 squares as Black's one will stop it from
d5 or e6.} 1/2-1/2

[Event "Linz"]
[Site "Linz"]
[Date "1997.05.18"]
[Round "2"]
[White "Almasi, Zoltan"]
[Black "Kortschnoj, Viktor Lvovich"]
[Result "1-0"]
[WhiteElo "2595"]
[BlackElo "2635"]
[Annotator "Mikhalevski,V"]
[PlyCount "65"]
[EventDate "1997.05.17"]
[EventType "tourn"]
[EventRounds "9"]
[EventCountry "AUT"]
[EventCategory "12"]
[SourceTitle "CBM 059"]
[Source "ChessBase"]
[SourceDate "1997.08.01"]
[SourceVersion "1"]
[SourceVersionDate "1997.08.01"]
[SourceQuality "1"]

1. e4 e5 2. Nf3 Nc6 3. Bb5 a6 4. Ba4 Nf6 5. O-O Nxe4 6. d4 b5 7. Bb3 d5 8. dxe5
Be6 9. Nbd2 Nc5 10. c3 Be7 11. Bc2 Bg4 12. Re1 O-O 13. Nb3 Ne4 (13... Re8) (
13... Qd7) (13... Ne6) 14. Bf4 f6 (14... Re8 {Mikhalevski,V} 15. Bxe4 dxe4 16.
Rxe4 Qxd1+ 17. Rxd1 Bxf3 18. gxf3 Rad8 19. Ree1 g5 20. Bg3 $16 {Kuczynski,
R-Marin,M/Budapest zt-B 1993/1/2-1/2 (51)} h5 21. e6) (14... f5 {Mikhalevski,V}
15. exf6 Nxf6 16. Qd3 Ne4 $2 (16... Qd7) 17. Bxc7 $1 Qd7 18. Ne5 $1 Nxe5 19.
Bxe5 $18 {Alekhin,A-Nimzowitsch,A Peterburg 1914}) 15. exf6 Nxf6 16. Qd3 Qd7
17. Ne5 $5 (17. Ng5 h6 (17... g6 $2 18. Nxh7 $1 Kxh7 19. Qxg6+ Kh8 20. Re3 $1
Bd6 21. Bxd6 cxd6 22. Rg3 $13 {1/2-1/2 Rodriguez,A-Milos,G/Bogota Lat Cup
Final 1991 (43)} (22. h3 $1 Ne5 23. Qh6+ Nh7 24. hxg4 Nxg4 25. Qh3 $18)) 18.
Nh7 Rf7 19. h3 $2 (19. Nxf6+ Rxf6 20. Qh7+ Kf7 21. Be3 Bf5 22. Bxf5 Qxf5 23.
Qxf5 Rxf5 $14) 19... Nh5 20. Qg6 (20. Bh2 Bf5 21. Qe2 Bd6 $1 22. Bxd6 cxd6 23.
Bxf5 Qxf5 $19) 20... Nxf4 21. Qxg4 Qxg4 22. hxg4 g6 23. g3 Nh3+ 24. Kg2 Rxf2+
25. Kxh3 Kxh7 $17 {1/2-1/2 Large,P-Flear,G/BCF-ch Eastbourne 1990 (40)}) 17...
Nxe5 18. Bxe5 g6 19. Qd4 c6 20. f3 Bf5 21. Bxf5 Qxf5 22. Qb6 Qd7 23. a4 Rfc8
24. Qf2 (24. axb5 axb5 25. Rxa8 Rxa8 26. Nd4 Rc8 $14) (24. Qd4 c5 $13) 24...
Rf8 25. Qd4 Qc8 26. Bg3 c5 27. Qe3 (27. Qd2 $5 bxa4 (27... Rf7 28. Bh4 bxa4 29.
Rxe7 $5 (29. Rxa4 $14) 29... Rxe7 30. Bxf6 Rf7 31. Rxa4 Rxf6 32. Qxd5+ Kg7 33.
Nxc5 Qc6 $13) 28. Rxe7 axb3 29. Be5 Qf5 30. Re1 $40) 27... Rf7 $2 (27... bxa4
28. Rxa4 Rf7 $14) 28. axb5 {[%csl Rc5]} d4 (28... c4 29. Nd4 $16) 29. Qe6 $1
axb5 30. Ra7 $1 $18 dxc3 31. bxc3 c4 32. Nd4 Nd5 33. Rea1 1-0